[Event "Lazy Baltic Pearl op-C 21st"]
[Site "Lazy"]
[Date "2025.07.03"]
[Round "4"]
[White "Swierczewski, Marek"]
[Black "Czaja, Roman"]
[Result "0-1"]
[WhiteElo "2040"]
[BlackElo "2006"]
[PlyCount "84"]
[EventDate "2025.06.30"]
[EventType "swiss"]
[EventRounds "9"]
[EventCountry "POL"]
[SourceTitle "CB28_2025"]
[SourceDate "2025.07.09"]
[SourceVersion "1"]
[SourceVersionDate "2025.07.09"]
[SourceQuality "1"]

1. e4 c6 2. d4 d5 3. e5 Bf5 4. c4 e6 5. Nc3 dxc4 6. Bxc4 Nd7 7. Nf3 Nb6 8. Bb3 Ne7 9. 0-0 Bg4 10. Be3 Nf5 11. Ne4 Nd5 12. Qe2 Nh4 13. Ned2 Be7 14. h3 Bh5 15. Rac1 g5 16. g4 Nxf3+ 17. Nxf3 Bg6 18. Qd2 h5 19. Kg2 Be4 20. Rh1 Rg8 21. Bc2 Nxe3+ 22. Qxe3 Bd5 23. Bb3 Qa5 24. Rhd1 0-0-0 25. Kg1 hxg4 26. hxg4 Rh8 27. Nh2 Rh4 28. f3 Rdh8 29. Rc2 f5 30. Rf2 f4 31. Qd3 a6 32. a3 Rh3 33. Rdd2 Kb8 34. Kf1 Ka7 35. Bxd5 Qxd5 36. Ke1 Bd8 37. Nf1 Bb6 38. Qe4 Rd8 39. Rh2 Rxf3 40. Qxd5 Rxd5 41. Rh5 Rb3 42. Rxg5 Ba5 0-1

[Event "Lazy Baltic Pearl op-C 21st"]
[Site "Lazy"]
[Date "2025.07.02"]
[Round "3"]
[White "Heinsohn, Michael"]
[Black "Swierczewski, Marek"]
[Result "0-1"]
[WhiteElo "1899"]
[BlackElo "2040"]
[PlyCount "56"]
[EventDate "2025.06.30"]
[EventType "swiss"]
[EventRounds "9"]
[EventCountry "POL"]
[SourceTitle "CB28_2025"]
[SourceDate "2025.07.09"]
[SourceVersion "1"]
[SourceVersionDate "2025.07.09"]
[SourceQuality "1"]

1. d4 Nf6 2. c4 e6 3. g3 Bb4+ 4. Bd2 Qe7 5. Bg2 Nc6 6. Nf3 0-0 7. 0-0 d5 8. a3 Bxd2 9. Nbxd2 a5 10. Qc2 Bd7 11. Rfd1 a4 12. e4 dxe4 13. Nxe4 Nxe4 14. Qxe4 Na5 15. Rac1 Rad8 16. Ne5 Bc8 17. c5 f6 18. Nc4 Nb3 19. Rc3 Nxc5 20. Qe2 Nb3 21. d5 e5 22. d6 cxd6 23. Nb6 Nc5 24. Qb5 Kh8 25. Qb4 Bd7 26. Bxb7 Rb8 27. Rxc5 dxc5 28. Qe4 Bb5 0-1

[Event "WchT Seniors 65"]
[Site "Krakow"]
[Date "2024.07.11"]
[Round "9.2"]
[White "Dovzhenko, Viktor"]
[Black "Swierczewski, Marek"]
[Result "1/2-1/2"]
[WhiteElo "2044"]
[BlackElo "2059"]
[PlyCount "110"]
[EventDate "2024.07.02"]
[EventType "team-swiss"]
[EventRounds "9"]
[EventCountry "POL"]
[SourceTitle "CBM 221 Extra"]
[Source "ChessBase"]
[SourceDate "2024.09.30"]
[SourceVersion "1"]
[SourceVersionDate "2024.09.30"]
[SourceQuality "1"]
[WhiteTeam "Ukraine Kiev 65"]
[BlackTeam "Poland Lower Silesia 65"]
[WhiteTeamCountry "UKR"]
[BlackTeamCountry "POL"]

1. g3 d5 2. Bg2 Nf6 3. c4 c6 4. Qc2 e5 5. d3 Be7 6. Nf3 Nbd7 7. 0-0 0-0 8. Bg5 Re8 9. cxd5 Nxd5 10. Bd2 Bf8 11. Nc3 N7f6 12. a3 Bg4 13. Rfe1 Bd6 14. Rad1 Nc7 15. Qb3 Qc8 16. Bg5 Nd7 17. Ne4 Bf8 18. Qc3 Nd5 19. Qc2 a5 20. d4 h6 21. Bc1 Qb8 22. Nc3 Nxc3 23. Qxc3 e4 24. Nd2 Nf6 25. Qc2 Bf5 26. Nc4 Qd8 27. Ne3 Bg6 28. Qb3 Re7 29. d5 cxd5 30. Nxd5 Nxd5 31. Rxd5 Rd7 32. Red1 Rxd5 33. Rxd5 Qc8 34. Be3 Ra6 35. Qd1 Qe6 36. Rb5 Rd6 37. Qc2 b6 38. Bf4 Rd5 39. Rxd5 Qxd5 40. Be3 b5 41. Qc8 Bf5 42. Qc2 a4 43. h3 Be7 44. g4 Bg6 45. Qd2 Qxd2 46. Bxd2 Bf6 47. Bc1 Be7 48. f3 exf3 49. Bxf3 b4 50. axb4 Bxb4 51. e4 f6 52. Bd1 Be8 53. Kf2 Kf7 54. Be2 g5 55. Bc4+ Ke7 1/2-1/2

[Event "WchT Seniors 65"]
[Site "Krakow"]
[Date "2024.07.07"]
[Round "6.2"]
[White "Hentunen, Asko"]
[Black "Swierczewski, Marek"]
[Result "1/2-1/2"]
[WhiteElo "2207"]
[BlackElo "2059"]
[PlyCount "115"]
[EventDate "2024.07.02"]
[EventType "team-swiss"]
[EventRounds "9"]
[EventCountry "POL"]
[SourceTitle "CBM 221 Extra"]
[Source "ChessBase"]
[SourceDate "2024.09.30"]
[SourceVersion "1"]
[SourceVersionDate "2024.09.30"]
[SourceQuality "1"]
[WhiteTeam "Finland 65"]
[BlackTeam "Poland Lower Silesia 65"]
[WhiteTeamCountry "FIN"]
[BlackTeamCountry "POL"]

1. c4 c6 2. Qa4 e5 3. Nc3 Nf6 4. Nf3 Bd6 5. g3 0-0 6. Bg2 Bc7 7. c5 d5 8. cxd6 Bxd6 9. 0-0 Nbd7 10. d4 exd4 11. Qxd4 Bc5 12. Qd3 Nb6 13. Qc2 Be7 14. Rd1 Qe8 15. h3 Nbd5 16. Nxd5 Nxd5 17. Nd4 Bf6 18. e4 Nb4 19. Qc4 a5 20. a3 Bxd4 21. Rxd4 Be6 22. Qe2 c5 23. Rd1 Nc6 24. Be3 b6 25. Qb5 Nd4 26. Qxe8 Rfxe8 27. Bxd4 cxd4 28. Rxd4 Rec8 29. Rad1 Bb3 30. R1d2 g6 31. f4 Rab8 32. e5 Rc5 33. Bd5 Bxd5 34. Rxd5 Rbc8 35. Rxc5 Rxc5 36. Kf2 Rb5 37. g4 h6 38. Re2 Rb3 39. Kg2 Kf8 40. Rc2 Ke7 41. h4 Kf8 42. h5 gxh5 43. gxh5 a4 44. f5 Rb5 45. Rc8+ Ke7 46. Rc6 Rxe5 47. f6+ Kd7 48. Rxb6 Rxh5 49. Rb4 Ra5 50. Re4 Rb5 51. Re7+ Kd6 52. Rxf7 Rxb2+ 53. Kg3 Ke6 54. Ra7 Kxf6 55. Rxa4 Ke5 56. Kg4 Kd5 57. Ra8 Kc6 58. Kh5 1/2-1/2

[Event "WchT Seniors 65"]
[Site "Krakow"]
[Date "2024.07.04"]
[Round "3.2"]
[White "Swierczewski, Marek"]
[Black "Baum, Bernd"]
[Result "1/2-1/2"]
[WhiteElo "2059"]
[BlackElo "2191"]
[PlyCount "75"]
[EventDate "2024.07.02"]
[EventType "team-swiss"]
[EventRounds "9"]
[EventCountry "POL"]
[SourceTitle "CBM 221 Extra"]
[Source "ChessBase"]
[SourceDate "2024.09.30"]
[SourceVersion "1"]
[SourceVersionDate "2024.09.30"]
[SourceQuality "1"]
[WhiteTeam "Poland Lower Silesia 65"]
[BlackTeam "Germany Mittel 65"]
[WhiteTeamCountry "POL"]
[BlackTeamCountry "GER"]

1. e4 e6 2. d4 d5 3. Nc3 Nf6 4. exd5 exd5 5. Bd3 Nc6 6. Nge2 Nb4 7. 0-0 Nxd3 8. Qxd3 Be7 9. Ng3 0-0 10. Nf5 Bxf5 11. Qxf5 h6 12. Nd1 Bd6 13. Ne3 Re8 14. Qf3 c6 15. Nf5 Re4 16. h3 Kh7 17. Be3 Bf8 18. Rfe1 Re6 19. Ng3 Qa5 20. c3 Rae8 21. Qf5+ g6 22. Qc2 Qc7 23. Bd2 Bd6 24. Rxe6 Rxe6 25. Nf1 Ne4 26. Re1 Qe7 27. Be3 f5 28. Qc1 g5 29. Qc2 Kg7 30. Bc1 Bc7 31. f3 Ng3 32. Rxe6 Qxe6 33. Nxg3 Bxg3 34. Qd1 Bc7 35. Kf1 Qd6 36. Qe2 Kf7 37. Qd3 Kf6 38. Qe3 1/2-1/2

[Event "WchT Seniors 65"]
[Site "Krakow"]
[Date "2024.07.02"]
[Round "1.2"]
[White "Swierczewski, Marek"]
[Black "Kerr, Grant"]
[Result "1-0"]
[WhiteElo "2059"]
[BlackElo "1769"]
[PlyCount "111"]
[EventDate "2024.07.02"]
[EventType "team-swiss"]
[EventRounds "9"]
[EventCountry "POL"]
[SourceTitle "CBM 221 Extra"]
[Source "ChessBase"]
[SourceDate "2024.09.30"]
[SourceVersion "1"]
[SourceVersionDate "2024.09.30"]
[SourceQuality "1"]
[WhiteTeam "Poland Lower Silesia 65"]
[BlackTeam "New Zealand 65"]
[WhiteTeamCountry "POL"]
[BlackTeamCountry "NZL"]

1. e4 c5 2. Nf3 d6 3. c3 Nf6 4. Bd3 e6 5. Bc2 Be7 6. 0-0 0-0 7. d4 g6 8. Re1 Nc6 9. Bh6 Re8 10. dxc5 dxc5 11. Nbd2 e5 12. h3 Be6 13. Qe2 Qc7 14. Ng5 Bf8 15. Bxf8 Kxf8 16. Nxe6+ Rxe6 17. Qe3 Kg7 18. Qxc5 Rc8 19. Nf3 Re7 20. Rad1 b6 21. Qe3 Rd8 22. Rxd8 Nxd8 23. Rd1 h6 24. Rd2 Ne6 25. g3 Qc5 26. Qxc5 Nxc5 27. Re2 Nfd7 28. Nd2 f6 29. Nc4 Nb7 30. Ne3 Ndc5 31. Nd5 Rd7 32. b4 Ne6 33. Bb3 Nc7 34. a4 h5 35. f3 Nxd5 36. Bxd5 Kf8 37. Kf2 Ke7 38. Ke3 Nd6 39. f4 Rc7 40. Kd3 a5 41. bxa5 bxa5 42. Rb2 Rc5 43. fxe5 fxe5 44. Rb6 g5 45. c4 h4 46. g4 Kd7 47. Rb8 Rc8 48. Rb6 Rc5 49. Ra6 Ke7 50. Ra7+ Kf6 51. Rd7 Ne8 52. Rf7+ Kg6 53. Rf5 Nf6 54. Rxe5 Rc8 55. Re6 Rb8 56. Re5 1-0

[Event "POL-chT 2nd League"]
[Site "Mrzezyno"]
[Date "2011.09.06"]
[Round "4"]
[White "Swierczewski, Marek"]
[Black "Krainski, Slawomir"]
[Result "1/2-1/2"]
[WhiteElo "2159"]
[BlackElo "2092"]
[PlyCount "71"]
[EventDate "2011.09.03"]
[EventType "team-swiss"]
[EventRounds "9"]
[EventCountry "POL"]
[SourceTitle "EXT 2015"]
[Source "ChessBase"]
[SourceDate "2014.11.20"]
[SourceVersion "1"]
[SourceVersionDate "2014.11.20"]
[SourceQuality "1"]
[WhiteTeam "Wroclaw Hetman"]
[BlackTeam "Grudziadz Rotmistrz II"]
[WhiteTeamCountry "POL"]
[BlackTeamCountry "POL"]

1. e4 e6 2. d4 d5 3. Nc3 Bb4 4. exd5 exd5 5. Bd3 c6 6. Nge2 Bg4 7. f3 Bh5 8. Ng3 Qh4 9. Qe2+ Ne7 10. Qe5 Bg6 11. Bg5 f6 12. Qxe7+ Bxe7 13. Bxh4 Bxd3 14. cxd3 g5 15. 0-0-0 gxh4 16. Nf5 Kf7 17. Rde1 Re8 18. Re2 Na6 19. Rhe1 Bf8 20. Rxe8 Rxe8 21. Rxe8 Kxe8 22. Nxh4 Nb4 23. Kd2 Bh6+ 24. Ke2 Bc1 25. b3 Bb2 26. Kd2 Bxc3+ 27. Kxc3 Nxa2+ 28. Kb2 Nb4 29. Kc3 a5 30. Nf5 Kd7 31. g4 Na6 32. Kb2 Nb4 33. Kc3 Na6 34. Kb2 Nc7 35. Kc3 Na6 36. Kb2 1/2-1/2

[Event "POL-chT 2st League"]
[Site "Mrzezyno"]
[Date "2010.09.08"]
[Round "5.59"]
[White "Swierczewski, Marek"]
[Black "Swiatnicki, Andrzej"]
[Result "1-0"]
[WhiteElo "2152"]
[BlackElo "2164"]
[PlyCount "51"]
[EventDate "2010.09.04"]
[EventType "team-swiss"]
[EventRounds "9"]
[EventCountry "POL"]
[SourceTitle "EXT 2019"]
[Source "ChessBase"]
[SourceDate "2018.10.10"]
[SourceVersion "1"]
[SourceVersionDate "2018.10.10"]
[SourceQuality "1"]
[WhiteTeam "Wroclaw Hetman"]
[BlackTeam "Konin Hetman"]
[WhiteTeamCountry "POL"]
[BlackTeamCountry "POL"]

1. e4 e5 2. Nf3 Nc6 3. Bc4 Nf6 4. d3 Bc5 5. c3 a6 6. Bb3 Ba7 7. Nbd2 d5 8. 0-0 dxe4 9. dxe4 Bg4 10. h3 Bh5 11. Qe2 Qe7 12. Nc4 h6 13. Be3 b5 14. Bxa7 Rxa7 15. Ne3 Bg6 16. Nd5 Qc5 17. Nxf6+ gxf6 18. Nh4 Rg8 19. Rad1 Ne7 20. Rd3 Kf8 21. Rd8+ Kg7 22. Rxg8+ Nxg8 23. Rd1 Ne7 24. Qg4 h5 25. Qd7 Bxe4 26. Qe8 1-0

[Event "POL-chT 2st League"]
[Site "Mrzezyno"]
[Date "2010.09.06"]
[Round "3.10"]
[White "Lisowski, Krzysztof"]
[Black "Swierczewski, Marek"]
[Result "1-0"]
[WhiteElo "2176"]
[BlackElo "2152"]
[PlyCount "43"]
[EventDate "2010.09.04"]
[EventType "team-swiss"]
[EventRounds "9"]
[EventCountry "POL"]
[SourceTitle "EXT 2019"]
[Source "ChessBase"]
[SourceDate "2018.10.10"]
[SourceVersion "1"]
[SourceVersionDate "2018.10.10"]
[SourceQuality "1"]
[WhiteTeam "Ostroda Ostrodzianka"]
[BlackTeam "Wroclaw Hetman"]
[WhiteTeamCountry "POL"]
[BlackTeamCountry "POL"]

1. e4 c5 2. c3 Nf6 3. e5 Nd5 4. d4 cxd4 5. cxd4 e6 6. Nc3 Nxc3 7. bxc3 Qc7 8. Bd2 b6 9. Bd3 Bb7 10. Nf3 d6 11. 0-0 Nd7 12. Ng5 g6 13. f4 Be7 14. Qg4 Bd5 15. Rae1 Bxg5 16. Qxg5 Bxa2 17. exd6 Qxd6 18. f5 gxf5 19. Rxf5 f6 20. Rxf6 Bd5 21. Rf5 h6 22. Rxd5 1-0

[Event "POL-chT 2nd League"]
[Site "Miedzyzdroje"]
[Date "2009.09.19"]
[Round "8"]
[White "Swierczewski, Marek"]
[Black "Bielczyk, Jacek"]
[Result "1/2-1/2"]
[WhiteElo "2174"]
[BlackElo "2312"]
[PlyCount "22"]
[EventDate "2009.09.12"]
[EventType "team-swiss"]
[EventRounds "9"]
[EventCountry "POL"]
[SourceTitle "EXT 2019"]
[Source "ChessBase"]
[SourceDate "2018.10.10"]
[SourceVersion "1"]
[SourceVersionDate "2018.10.10"]
[SourceQuality "1"]
[WhiteTeam "Wroclaw Hetman"]
[BlackTeam "Chrzanow UKS SP 8 U19"]
[WhiteTeamCountry "POL"]
[BlackTeamCountry "POL"]

1. e4 c5 2. Nf3 Nc6 3. c3 d5 4. exd5 Qxd5 5. d4 Nf6 6. Be3 cxd4 7. Nxd4 Nxd4 8. Qxd4 e5 9. Qc4 Bd7 10. a4 Bc6 11. Nd2 Be7 1/2-1/2

[Event "POL-chT 2nd League"]
[Site "Miedzyzdroje"]
[Date "2009.09.15"]
[Round "4"]
[White "Swierczewski, Marek"]
[Black "Swiatnicki, Andrzej"]
[Result "1/2-1/2"]
[WhiteElo "2174"]
[BlackElo "2150"]
[PlyCount "62"]
[EventDate "2009.09.12"]
[EventType "team-swiss"]
[EventRounds "9"]
[EventCountry "POL"]
[SourceTitle "EXT 2019"]
[Source "ChessBase"]
[SourceDate "2018.10.10"]
[SourceVersion "1"]
[SourceVersionDate "2018.10.10"]
[SourceQuality "1"]
[WhiteTeam "Wroclaw Hetman"]
[BlackTeam "Konin Hetman"]
[WhiteTeamCountry "POL"]
[BlackTeamCountry "POL"]

1. e4 e5 2. Nf3 Nc6 3. Bc4 Nf6 4. d3 Bc5 5. c3 d6 6. Bb3 Bg4 7. Nbd2 0-0 8. h3 Bh5 9. Nf1 d5 10. Qe2 dxe4 11. dxe4 Kh8 12. g4 Bg6 13. Ng3 Nd7 14. 0-0 a5 15. Rd1 Qe8 16. Ba4 f6 17. Nh4 Nb6 18. Nxg6+ hxg6 19. Bb5 Qe6 20. Be3 Bxe3 21. Qxe3 Rfd8 22. b3 Rxd1+ 23. Rxd1 Rd8 24. Rd2 Rxd2 25. Qxd2 Qd6 26. Nf1 Nd8 27. Qxd6 cxd6 28. Ne3 Kg8 29. h4 Kf8 30. Nc4 Nxc4 31. Bxc4 Ke7 1/2-1/2

[Event "POL-chT 2nd League"]
[Site "Miedzyzdroje"]
[Date "2009.09.12"]
[Round "1"]
[White "Szymanowska, Lena"]
[Black "Swierczewski, Marek"]
[Result "1/2-1/2"]
[WhiteElo "1944"]
[BlackElo "2174"]
[PlyCount "48"]
[EventDate "2009.09.12"]
[EventType "team-swiss"]
[EventRounds "9"]
[EventCountry "POL"]
[SourceTitle "EXT 2019"]
[Source "ChessBase"]
[SourceDate "2018.10.10"]
[SourceVersion "1"]
[SourceVersionDate "2018.10.10"]
[SourceQuality "1"]
[WhiteTeam "Olsztyn AZS UWM"]
[BlackTeam "Wroclaw Hetman"]
[WhiteTeamCountry "POL"]
[BlackTeamCountry "POL"]

1. e4 c5 2. Nf3 e6 3. d3 Nc6 4. g3 d5 5. Nbd2 Nge7 6. Bg2 g6 7. 0-0 Bg7 8. Re1 0-0 9. c3 b5 10. Qc2 Bb7 11. Nf1 Rc8 12. e5 d4 13. h4 Qb6 14. N1h2 h5 15. Bg5 Rfe8 16. Qd2 Qc7 17. Bf4 Red8 18. g4 hxg4 19. Nxg4 Nf5 20. Bg5 Nce7 21. Nf6+ Kf8 22. Nh7+ Kg8 23. Nf6+ Kf8 24. Nh7+ Kg8 1/2-1/2

[Event "Copenhagen Obro op"]
[Site "Copenhagen"]
[Date "1993.??.??"]
[Round "2"]
[White "Roder, Peter Ulrik"]
[Black "Swierczewski, Marek"]
[Result "0-1"]
[WhiteElo "2190"]
[BlackElo "2220"]
[PlyCount "56"]
[EventDate "1993.??.??"]
[EventType "swiss"]
[EventRounds "9"]
[EventCountry "DEN"]
[SourceTitle "EXT 1997"]
[Source "ChessBase"]
[SourceDate "1996.11.15"]
[SourceVersion "1"]
[SourceVersionDate "1996.11.15"]
[SourceQuality "1"]

1. d4 Nf6 2. c4 e6 3. Nc3 Bb4 4. f3 d5 5. a3 Bxc3+ 6. bxc3 c5 7. e3 Nc6 8. cxd5 Nxd5 9. Bd2 0-0 10. Bd3 cxd4 11. cxd4 f5 12. Ne2 Qh4+ 13. g3 Qh3 14. Kf2 g5 15. Bc4 Nce7 16. Nc3 Bd7 17. Qb3 Bc6 18. Bf1 Qh6 19. Bg2 f4 20. e4 Nxc3 21. Bxc3 g4 22. Bb4 Rae8 23. Rae1 Rf7 24. fxg4 Qf6 25. Ke2 Bb5+ 26. Kf3 fxg3+ 27. Kxg3 Qf2+ 28. Kh3 Ng6 0-1

[Event "Copenhagen Obro op"]
[Site "Copenhagen"]
[Date "1993.??.??"]
[Round "8"]
[White "Stodola, Jaroslav"]
[Black "Swierczewski, Marek"]
[Result "0-1"]
[WhiteElo "2230"]
[BlackElo "2220"]
[PlyCount "84"]
[EventDate "1993.??.??"]
[EventType "swiss"]
[EventRounds "9"]
[EventCountry "DEN"]
[SourceTitle "EXT 1997"]
[Source "ChessBase"]
[SourceDate "1996.11.15"]
[SourceVersion "1"]
[SourceVersionDate "1996.11.15"]
[SourceQuality "1"]

1. e4 e5 2. Nf3 Nc6 3. d4 exd4 4. Nxd4 d6 5. Nc3 Nf6 6. Be2 Bd7 7. 0-0 Be7 8. f4 Nxd4 9. Qxd4 Bc6 10. Nd5 0-0 11. c4 a5 12. Bd2 Bxd5 13. cxd5 Nd7 14. Bc3 Bf6 15. Qd2 Re8 16. Bf3 Nc5 17. Rae1 Bxc3 18. Qxc3 c6 19. dxc6 bxc6 20. e5 Qb6 21. Qd4 dxe5 22. fxe5 Rab8 23. Kh1 Ne6 24. Qh4 c5 25. Be4 h6 26. Rf6 Qb4 27. Ref1 Ng5 28. R6f4 Nxe4 29. Rxe4 Qxb2 30. Qh5 Qf2 31. Ree1 Qxa2 32. e6 fxe6 33. Qf7+ Kh8 34. Qg6 Rf8 35. Rxf8+ Rxf8 36. h3 Qc4 37. Qg3 Rf1+ 38. Rxf1 Qxf1+ 39. Kh2 Qf5 40. Qc7 a4 41. Qc6 Qc2 42. Qxe6 a3 0-1

[Event "Copenhagen Obro op"]
[Site "Copenhagen"]
[Date "1993.??.??"]
[Round "1"]
[White "Swierczewski, Marek"]
[Black "Welling, Gerard J"]
[Result "0-1"]
[WhiteElo "2220"]
[BlackElo "2400"]
[PlyCount "66"]
[EventDate "1993.??.??"]
[EventType "swiss"]
[EventRounds "9"]
[EventCountry "DEN"]
[SourceTitle "EXT 1997"]
[Source "ChessBase"]
[SourceDate "1996.11.15"]
[SourceVersion "1"]
[SourceVersionDate "1996.11.15"]
[SourceQuality "1"]

1. e4 g6 2. d4 Bg7 3. Nf3 d6 4. Nc3 a6 5. a4 b6 6. Bd3 c5 7. Ne2 cxd4 8. Nexd4 Nf6 9. 0-0 0-0 10. Qe2 Bb7 11. b4 Nbd7 12. a5 bxa5 13. Rxa5 Nc5 14. Bd2 Ncxe4 15. Bxa6 Rxa6 16. Rxa6 Nxd2 17. Nxd2 Bxa6 18. Qxa6 Nd5 19. Qc4 e6 20. N2f3 Qb6 21. Rb1 Ne7 22. Qd3 e5 23. Ne2 d5 24. Nd2 e4 25. Qb3 Nf5 26. c4 Bh6 27. c5 Qb5 28. Nc3 Qd3 29. Nf1 Nd4 30. Qb2 Qxc3 31. Qxc3 Ne2+ 32. Kh1 Nxc3 33. Rb3 Nb5 0-1

[Event "POL-chT9 B1 corr"]
[Site "Poland"]
[Date "1992.??.??"]
[Round "?"]
[White "Swierczewski, Marek"]
[Black "Babiak, Jozef"]
[Result "1/2-1/2"]
[WhiteElo "2100"]
[BlackElo "2250"]
[PlyCount "68"]
[EventDate "1992.??.??"]
[EventType "team (corr)"]
[EventRounds "10"]
[EventCountry "POL"]
[SourceTitle "Corr 2000"]
[Source "ChessBase"]
[SourceDate "2000.04.19"]
[SourceVersion "1"]
[SourceVersionDate "2000.04.19"]
[SourceQuality "1"]

1. e4 e5 2. Nf3 Nc6 3. Bc4 Nf6 4. d3 Be7 5. Bb3 d5 6. Nbd2 dxe4 7. dxe4 0-0 8. c3 h6 9. Qe2 Bc5 10. Nf1 Ng4 11. Ne3 Nxe3 12. Bxe3 Bxe3 13. Qxe3 Qf6 14. 0-0 Rd8 15. Nd2 g5 16. Rfd1 b6 17. Nf1 Na5 18. Rxd8+ Qxd8 19. Rd1 Qf6 20. Bd5 c6 21. b4 Nb7 22. Bb3 Be6 23. Ng3 Rd8 24. Qe2 a5 25. Rxd8+ Qxd8 26. Bxe6 fxe6 27. Qa6 axb4 28. cxb4 Qc7 29. h3 b5 30. Qa7 Kg7 31. Nh5+ Kf7 32. g4 Kg6 33. Kg2 Kf7 34. Kg3 Kg6 1/2-1/2

[Event "Polanica Zdroj op"]
[Site "Polanica Zdroj"]
[Date "1992.??.??"]
[Round "8"]
[White "Swierczewski, Marek"]
[Black "Pisulinski, Jan"]
[Result "0-1"]
[WhiteElo "2260"]
[BlackElo "2345"]
[PlyCount "32"]
[EventDate "1992.??.??"]
[EventType "swiss"]
[EventRounds "10"]
[EventCountry "POL"]
[SourceTitle "EXT 1998"]
[Source "ChessBase"]
[SourceDate "1997.11.17"]
[SourceVersion "1"]
[SourceVersionDate "1997.11.17"]
[SourceQuality "1"]

1. e4 c6 2. c4 d5 3. exd5 cxd5 4. d4 Nf6 5. Nc3 g6 6. Bg5 Bg7 7. cxd5 0-0 8. Bc4 Nbd7 9. Nf3 Nb6 10. Bb3 Nfxd5 11. 0-0 Be6 12. Re1 Re8 13. Rc1 Rc8 14. Nxd5 Bxd5 15. Rxe7 Rxe7 16. Bxe7 Bxb3 0-1